000 00573nam a2200181 i 4500
001 58328
003 ES-MaACL
005 20230906163800.0
007 t|
008 031022s1978 sp ||||1| cat d
100 1 _aDurán y Tortajada, Miguel.
_946243
245 1 0 _aGuerra, victoria, demá /
_cMiquel Durán de Valencia ; edició a cura de Francesc Pérez i Moragón.
250 _a[2ª ed.].
260 _a[Valencia :
_bs.n.,
_c1978] (
_fE. Climent)
300 _a68 p. ;
_c20 cm.
700 1 _aPérez Moragón, Francesc.
_991039
852 _aES-MaACL
_jA-10224
_bR.98775
999 _c58328
_d58328